000
00349nam a2200157Ia 4500
003
OSt
005
20240329102404.0
008
170524s9999 xx 000 0 und d
020
_a
978-9353167325
040
_c
iimtu meerut
100
_a
KHAN- Y
100
_c
2004
245
0
_a
FINANCIAL SERVICES
260
_a
TATA MC GRAW HILL
942
_2
ddc
_c
02
999
_c
2199
_d
2199